Maintenance Practices : Aviation Maintenance Techinician Certification Series (Module 07A) (Record no. 246673)

MARC details
000 -LEADER
fixed length control field 00521nam a2200181Ia 4500
008 - FIXED-LENGTH DATA ELEMENTS--GENERAL INFORMATION
fixed length control field 240913s9999||||xx |||||||||||||| ||und||
082 ## - DEWEY DECIMAL CLASSIFICATION NUMBER
-- 625.705 Q6
100 ## - MAIN ENTRY--PERSONAL NAME
Personal name Aircraft Technical Institute
245 #0 - TITLE STATEMENT
Title Maintenance Practices : Aviation Maintenance Techinician Certification Series (Module 07A)
250 ## - EDITION STATEMENT
Edition statement 1st
260 ## - PUBLICATION, DISTRIBUTION, ETC. (IMPRINT)
Date of publication, distribution, etc 2016
Name of publisher, distributor, etc Aircraft Techinical Publi
500 ## - GENERAL NOTE
General note REFERENCE
650 ## - SUBJECT ADDED ENTRY--TOPICAL TERM
Topical term or geographic name as entry element Maintenance Engineering
942 ## - ADDED ENTRY ELEMENTS (KOHA)
Item type Reference
Holdings
Withdrawn status Lost status Damaged status Permanent location Current location Shelving location Date acquired Source of acquisition Cost, normal purchase price Full call number Barcode Date last seen Koha item type
      CENTRAL LIBRARY, NOORUL ISLAM CENTRE FOR HIGHER EDUCATION CENTRAL LIBRARY, NOORUL ISLAM CENTRE FOR HIGHER EDUCATION   10/24/2018 Sterling Book House, Mumbai 5471.35 625.705 Q6 78382 09/13/2024 Reference
Visitors:
Copyright © 2024 Central Library NICHE.  All rights reserved.